000 00638nam a2200229Ia 4500
003 OSt
005 20220923230536.0
006 a|||||r|||| 00| 0
007 ta
008 220922b |||||||| |||| 00| 0 pan d
024 _a283,029
037 _cTextual
040 _aARTS
_cARTS
_bpan
041 _2pan
_apan
082 _aO153,3NNA6,TW, M7
100 _aਸਿੰਘ, ਨਰਉਤਮ
245 0 _aਟਾਹਲੀ ਵਾਲਾ ਖੇਤ
260 _c1987
650 _aਪੰਜਾਬੀ ਸਾਹਿਤ
942 _hO153,3NNA6,TW, M7
_cTEXL
_2CC
999 _c385572
_d385572